| 000 | 00421 a2200157 4500 | ||
|---|---|---|---|
| 003 | OSt | ||
| 005 | 20180116182721.0 | ||
| 008 | 160429b xxu||||| |||| 00| 0 eng d | ||
| 020 | _a812970661X | ||
| 040 | _c0 | ||
| 100 | _aArnold David | ||
| 245 | _aThe mirage of global markets how globalizing companies can succeed as marktes localize | ||
| 260 |
_aIndia _c2004 |
||
| 300 | _a229 | ||
| 942 |
_aNBS _cBK _k658.84 ARN _2ddc |
||
| 999 |
_c344690 _d344690 |
||